000 00726nam a2200289Ia 4500
005 20260324113440.0
008 008 260324s9999 xx 000 0 eng d
020 _a9781003307266
037 _aEBOOK
040 _aCRL
040 _beng
040 _cCRL
041 _2eng
041 _aeng
084 _qCRL
100 _aJames M. Cypher; Mateo Crossa
_91146819
245 4 _aThe Political Economy of Transnational Power and Production
245 0 _bMexico's Metamorphosis 1982-2022
260 _bTaylor and Francis
260 _c2023
365 _a
365 _b220
856 _uhttp://www.taylorfrancis.com/books/9781003307266
942 _cEBOOK
999 _c1736469
_d1736469